| 000 | 00988cab a2200301 4500 | ||
|---|---|---|---|
| 001 | ABS55942 | ||
| 008 | 090401t1996 xxu||||| |||| 00| 0 eng d | ||
| 035 | _a(Sirsi) u19985 | ||
| 041 | _aeng | ||
| 100 | _aCodd, M. | ||
| 245 | _aYours or mine? | ||
| 260 | _c1996 | ||
| 350 | _a0 | ||
| 490 |
_aEstates Gazette _v(9642) 19 October 1996, 146-147(2) |
||
| 520 | _aExplains how to differentiate between whether something is a fixture or a chattel and the implications that the distinction has on stamp duty. Clarification on light fittings, gas fires, bathroom fittings, fitted carpets and white goods. | ||
| 650 | _aCHATTELS | ||
| 650 | _aCONVEYANCING | ||
| 650 | _aFIXTURES AND FITTINGS | ||
| 650 | _aGAS FIRES | ||
| 650 | _aLIGHT FITTINGS | ||
| 650 | _aSTAMP DUTY | ||
| 650 | _aTSB BANK PLC V BOTHAM | ||
| 650 | _aYOUNG V DALGETY PLC | ||
| 690 | _aBUILT ENVIRONMENT-BUILDING INSPECTION | ||
| 690 | _aPROPERTY LAW AND PRACTICE | ||
| 942 | _n0 | ||
| 948 | _c04/03/1997 | ||
| 999 |
_c13393 _d13393 |
||